000 00334nam a2200133Ia 4500
008 240624s9999 xx 000 0 und d
041 _aeng
082 _a658.452 KAU
100 _aKAUL ASHA
245 _aEFFECTIVE PRESENTATION TALK YOUR WAY TO
260 _c2005
_aNew Delhi
_bResponse Books
300 _a244 : p.
365 _cRS
_b34
999 _c13948
_d13948